| 000 | 01023nam a2200193 a 4500 | ||
|---|---|---|---|
| 008 | 120416s1994 ||||||||||||||||| || u | ||
| 020 | _a0131767364 | ||
| 050 | _aHG 1621 Van | ||
| 100 | _aVan Horne, James C | ||
| 245 | 1 | 0 | _aFinancial market rates and flows. -- 4th ed. |
| 250 | _a4th ed. | ||
| 260 |
_aEnglewood Cliffs, N.J. _bFT Prentice-Hall _c1994 |
||
| 300 | _axiii, 338p. : ill. | ||
| 350 | _a0.00 | ||
| 995 |
_aBINDERY (DAMAGED) _D0.00 _e727199 _FCBU-MAIN LIBRARY (Kitwe) _H3 _I0.00 _jHG 1621 Van _M1 _UDAMAGED _y018127 _ZMain Library Open Access Collection |
||
| 995 |
_aBINDERY (DAMAGED) _D0.00 _e727198 _FCBU-MAIN LIBRARY (Kitwe) _H4 _I0.00 _jHG 1621 Van _M2 _UDAMAGED _y018128 _ZMain Library Open Access Collection |
||
| 995 |
_aBINDERY (DAMAGED) _D0.00 _e727201 _FCBU-MAIN LIBRARY (Kitwe) _H1 _I0.00 _jHG 1621 Van _M4 _UDAMAGED _y018130 _ZMain Library Open Access Collection |
||
| 995 |
_aMAIN LIBRARY OPEN ACCESS _D0.00 _e727200 _FCBU-MAIN LIBRARY (Kitwe) _H2 _I0.00 _jHG 1621 Van _M3 _UAVAILABLE _y018129 _ZMain Library Open Access Collection |
||
| 999 |
_c63102 _d63102 |
||